Grocery bag art farm / (Record no. 102131)
[ view plain ]
| 000 -LEADER | |
|---|---|
| fixed length control field | 00425nam a2200145 a 4500 |
| 005 - DATE AND TIME OF LATEST TRANSACTION | |
| control field | 20140412111229.0 |
| 008 - FIXED-LENGTH DATA ELEMENTS--GENERAL INFORMATION | |
| fixed length control field | 010404s19uu xx 00 eng d |
| 050 ## - LIBRARY OF CONGRESS CALL NUMBER | |
| Classification number | TR(GS 371.3 |
| Item number | C34 1985 |
| 100 ## - MAIN ENTRY--PERSONAL NAME | |
| Personal name | Chacon, Rick |
| 245 ## - TITLE STATEMENT | |
| Title | Grocery bag art farm / |
| Statement of responsibility, etc | by Rick Chacon. |
| 260 ## - PUBLICATION, DISTRIBUTION, ETC. (IMPRINT) | |
| Place of publication, distribution, etc | Huntington Beach, CA : |
| Name of publisher, distributor, etc | Teacher Created Materials, Inc, |
| Date of publication, distribution, etc | 1985. |
| 300 ## - PHYSICAL DESCRIPTION | |
| Extent | 48p. ; ill. |
| 650 ## - SUBJECT ADDED ENTRY--TOPICAL TERM | |
| Topical term or geographic name as entry element | Art-reproducibles |
| Withdrawn status | Lost status | Damaged status | Home library | Current library | Shelving location | Date acquired | Source of acquisition | Total Checkouts | Full call number | Barcode | Date last seen | Price effective from | Koha item type |
|---|---|---|---|---|---|---|---|---|---|---|---|---|---|
| Elizalde Library | Elizalde Library | Teachers Reference Section | 04/04/2001 | TR(GS 371.3 C34 1985 | E0603 | 04/12/2014 | 04/12/2014 | Books |